Metal Subgenres - Statistics

General Stats
  • This quiz has been taken 64 times
    58 since last reset
  • The average score is 11 of 16
Answer Stats
Band Answer % Correct
Korn New Metal
96%
Judas Priest Heavy Metal
89%
Type O Negative Doom Metal
85%
Pantera Groove Metal
85%
Rammstein Industrial Metal
85%
Bullet for My Valentine Metalcore
85%
Carcass Death Metal
80%
Anthrax Thrash Metal
80%
Bathory Black Metal
78%
Dream Theater Progressive Metal
78%
Poison Glam Metal
65%
Nightwish Symphonic Metal
61%
Angra Power Metal
46%
Down Stoner Metal
35%
Body Count Rap Metal
33%
Infectious Grooves Funk Metal
26%
No matching quizzes found
Score Distribution
Percent of People with Each Score
Percentile by Number Answered
Your Score History
You have not taken this quiz since the last reset